Banking and finance views from Hungary and Japan
Saved in:
| Other Authors: | |
|---|---|
| Format: | Book |
| Language: | English |
| Published: |
Budapest
Hungarian scientific council for world economy
1991
|
| Series: | Trends in world economy
no. 69 |
| Subjects: | |
| Tags: |
No Tags, Be the first to tag this record!
|
MARC
| LEADER | 00000nam a2200000 4500 | ||
|---|---|---|---|
| 001 | c100739 | ||
| 005 | 20221123102113.4 | ||
| 020 | |a 963-301-183-3 | ||
| 022 | |a 0133-7769 | ||
| 041 | 0 | |a eng | |
| 044 | |a HU | ||
| 245 | 1 | 0 | |a Banking and finance |b views from Hungary and Japan |c [editor]: A. Hernádi |
| 264 | 1 | |a Budapest |b Hungarian scientific council for world economy |c 1991 | |
| 300 | |a 200 s. | ||
| 490 | 1 | |a Trends in world economy |v no. 69 | |
| 830 | 0 | |a Trends in world economy |v no. 69 | |
| 610 | 2 | 0 | |a bankovníctvo |
| 610 | 2 | 0 | |a financie |
| 610 | 2 | 0 | |a rast hospodársky |
| 610 | 2 | 0 | |a reformy |
| 610 | 2 | 0 | |a investície zahraničné |
| 610 | 2 | 0 | |a priemysel |
| 610 | 2 | 0 | |a distribúcia |
| 610 | 2 | 0 | |a služby finančné |
| 610 | 2 | 0 | |a trh |
| 610 | 2 | 0 | |a marketing |
| 610 | 2 | 0 | |a obchod |
| 610 | 2 | 0 | |a financovanie |
| 610 | 2 | 0 | |a štát |
| 610 | 2 | 0 | |a technika |
| 610 | 2 | 0 | |a technológia |
| 610 | 2 | 0 | |a stredná Európa |
| 610 | 2 | 0 | |a Maďarsko |
| 610 | 2 | 0 | |a Japonsko |
| 700 | 1 | |a Hernádi, A. | |